000 00419nam a2200169Ia 4500
001 5241
003 IN-NITTTR
005 20251114233007.0
008 251113s9999||||xx |||||||||||||| ||eng||
040 _beng
040 _cIN-NITTTR
041 _aeng
082 _a609 H665T
100 _aHodges, Henry
245 0 _aTechnology in the ancient world with drawings by Judith Newcomer /
_cHodges, Henry
942 _2ddc
_cBK
999 _c7877
_d7877